227 Takes Q&A special! - Statistics

General Stats
  • This quiz has been taken 3 times
  • The average score is 9 of 13
Answer Stats
Question Answer % Correct
How many nominations do I have? 1
100%
How many subscribers do I have? 1
100%
How many takes do I have? 227
100%
How many series' do I have? 3
100%
How many takes do my gem quizzes have?(not counting smithsonian gem book quizzes) 11
67%
How many quizzes have I made?(not counting this one) 16
67%
How many countries have I been to? 35
67%
How many takes do my song lyric quizzes have? 4
67%
Where am I from? Ethiopia
67%
Where do I live? Zanzibar
67%
When did I make my first 2 quizzes?(put DD/MM/YY aka day/month/year) 08/09/21
33%
How many takes do my "all the geography I know by letter" quizzes have combined? 198
33%
What is my most recent quiz?(not counting this one and pick either of the two answers) All the Geography I know By Letter D/Cities on My World Map
0%
No matching quizzes found
Score Distribution
Percent of People with Each Score
Percentile by Number Answered
Your Score History
You have not taken this quiz